Guess the 1960s song lyrics #267 - Statistics

General Stats
  • This quiz has been taken 10 times
  • The average score is 59 of 155
Answer Stats
Answer % Correct
a
100%
me
100%
the
100%
And
86%
to
86%
at
57%
has
57%
That
57%
down
43%
from
43%
it's
43%
under
43%
give
29%
moment
29%
of
29%
out
29%
sees
29%
streets
29%
that's
29%
Above
14%
air
14%
Association
14%
bendin
14%
Callin
14%
capture
14%
city
14%
clouds
14%
everybody
14%
Everyone
14%
eyes
14%
flash
14%
fly
14%
knows
14%
lies
14%
lighter
14%
name
14%
peekin
14%
rainbow
14%
reachin
14%
she
14%
Smilin
14%
sound
14%
stairway
14%
stormy
14%
than
14%
trippin
14%
Who's
14%
Windy
14%
wings
14%
No matching quizzes found
Score Distribution
Percent of People with Each Score
Percentile by Number Answered
Your Score History
You have not taken this quiz